লোকসংস্কৃতির তত্ত্বরুপ ও স্বরুপ সন্ধান / (Record no. 38113)
[ view plain ]
| 000 -LEADER | |
|---|---|
| fixed length control field | 01016nam a22002417a 4500 |
| 001 - CONTROL NUMBER | |
| control field | 38113 |
| 003 - CONTROL NUMBER IDENTIFIER | |
| rucl marc code | BD-RjUL |
| 005 - DATE AND TIME OF LATEST TRANSACTION | |
| control field | 20211209052728.0 |
| 008 - FIXED-LENGTH DATA ELEMENTS--GENERAL INFORMATION | |
| fixed length control field | 150912s2004 ii ||||| |||| 00| 0 ben d |
| 035 ## - SYSTEM CONTROL NUMBER | |
| System control number | (BD-RjUL)38218 |
| 040 ## - CATALOGING SOURCE | |
| Original cataloging agency | BD-RjUL |
| Language of cataloging | ben |
| Transcribing agency | BD-RjUL |
| 041 ## - LANGUAGE CODE | |
| Language code of text/sound track or separate title | ben |
| 082 ## - DEWEY DECIMAL CLASSIFICATION NUMBER | |
| Edition number | 23 |
| Classification number | 398.2 |
| Author mark and year | CHL 2004 |
| 100 ## - MAIN ENTRY--PERSONAL NAME | |
| Personal name | চট্টোপাধ্যায়, তুষার |
| 9 (RLIN) | 117970 |
| 245 ## - TITLE STATEMENT | |
| Title | লোকসংস্কৃতির তত্ত্বরুপ ও স্বরুপ সন্ধান / |
| Statement of responsibility, etc. | তুষার চট্টোপাধ্যায় |
| 250 ## - EDITION STATEMENT | |
| Edition statement | ৪র্থ সং. |
| 260 ## - PUBLICATION, DISTRIBUTION, ETC. (IMPRINT) | |
| Place of publication, distribution, etc. | কলকাতা : |
| Name of publisher, distributor, etc. | এ মুখার্জী এন্ড কোং লি., |
| Date of publication, distribution, etc. | ২০০৪ |
| 300 ## - PHYSICAL DESCRIPTION | |
| Pagination | [দ], ৪০৮ পৃ. ; |
| Size | ২২ সেমি. |
| 504 ## - BIBLIOGRAPHY, ETC. NOTE | |
| Bibliography, etc | গ্রন্থপঞ্জী অন্তর্ভূক্ত। |
| 650 ## - SUBJECT ADDED ENTRY--TOPICAL TERM | |
| Topical term or geographic name as entry element | Folklore |
| General subdivision | Study and teaching. |
| 9 (RLIN) | 117969 |
| Topical term or geographic name as entry element | লোকাচার (ফোকলোর) |
| 9 (RLIN) | 117986 |
| 942 ## - ADDED ENTRY ELEMENTS (KOHA) | |
| Source of classification or shelving scheme | Dewey Decimal Classification |
| Koha item type | Books |
| Lost status | Source of classification or shelving scheme | Damaged status | Not for loan | Collection code | Permanent Location | Current Location | Shelving location | Date acquired | Source of acquisition | Cost, normal purchase price | Total Checkouts | Full call number | Date last seen | Date checked out | Copy number | Koha item type |
|---|---|---|---|---|---|---|---|---|---|---|---|---|---|---|---|---|
| Dewey Decimal Classification | Non-fiction | Central Library, University of Rajshahi | Central Library, University of Rajshahi | 15/01/2008 | Paragon Enterprise, Dhaka | 160.00 | 1 | B 398.2 CHL 2004 | 16/09/2015 | 14/09/2015 | C-3 | Books | ||||
| Dewey Decimal Classification | Non-fiction | Central Library, University of Rajshahi | Central Library, University of Rajshahi | 15/01/2008 | ঢাকা, প্যারাগন এন্টারপ্রাইজ | 160.00 | 5 | B 398.2 CHL 2004 | 20/05/2024 | 12/05/2024 | C-2 | Books | ||||
| Dewey Decimal Classification | Not For Loan | Non-fiction | Central Library, University of Rajshahi | Central Library, University of Rajshahi | Reading Room | 15/01/2008 | Paragon Enterprise, Dhaka | 160.00 | B 398.2 CHL 2004 | 26/09/2018 | C-1 | Books |